Presadí sa v myslení manažérov?

Tajomník Spoločnosti pre projektové riadenie (PR) Ing. Peter Ončák o súčasnom neuspokojivom stave vo využívaní PR v SR. Vrcholná európska organizácia PR - International Project Management Association (IPMA). Strešná organizácia PR v USA - Project Management Institute (PMI). Činnosť Spoločnosti pre P...

Description complète

Enregistré dans:
Détails bibliographiques
Auteur principal: Ončák, Peter
Format: Chapitre de livre
Langue:slovaque
Sujets:
Tags: Ajouter un tag
Pas de tags, Soyez le premier à ajouter un tag!

MARC

LEADER 00000naa a2200000 4500
001 r019787
005 20230801103539.9
041 0 |a slo 
044 |a SK 
245 1 0 |a Presadí sa v myslení manažérov?  |c P. Ončák 
520 |a Tajomník Spoločnosti pre projektové riadenie (PR) Ing. Peter Ončák o súčasnom neuspokojivom stave vo využívaní PR v SR. Vrcholná európska organizácia PR - International Project Management Association (IPMA). Strešná organizácia PR v USA - Project Management Institute (PMI). Činnosť Spoločnosti pre PR. Rozšírenie PR medzi našimi manažérmi. 
610 2 0 |a Slovensko 
610 2 0 |a Európa 
610 2 0 |a USA 
610 2 0 |a 1993-1995 
610 2 0 |a riadenie projektové 
610 2 0 |a metódy riadenia 
610 2 0 |a projekty 
610 2 0 |a manažéri 
610 2 0 |a IPMA 
610 2 0 |a PMI 
100 1 |a Ončák, Peter